The Epistle of Paul to the Philippians, the English text with an introduction and commentary. (Record no. 457)

000 -LEADER
fixed length control field 00716nam a2200205 a 4500
001 - CONTROL NUMBER
control field :::00013611$&:&@@
003 - CONTROL NUMBER IDENTIFIER
control field OkBaRHE
005 - DATE AND TIME OF LATEST TRANSACTION
control field 20100324122223.0
008 - FIXED-LENGTH DATA ELEMENTS--GENERAL INFORMATION
fixed length control field s1955 j 000 0 eng u
020 ## - INTERNATIONAL STANDARD BOOK NUMBER
International Standard Book Number 0802822614
040 ## - CATALOGING SOURCE
Transcribing agency
100 1# - MAIN ENTRY--PERSONAL NAME
Personal name Muller, Jacobus J.
245 14 - TITLE STATEMENT
Title The Epistle of Paul to the Philippians, the English text with an introduction and commentary.
260 ## - PUBLICATION, DISTRIBUTION, ETC. (IMPRINT)
Place of publication, distribution, etc Grand Rapids
Name of publisher, distributor, etc Eerdmans
Date of publication, distribution, etc 1955
300 ## - PHYSICAL DESCRIPTION
Extent 162 p. ;
Dimensions 21 cm.
490 0# - SERIES STATEMENT
Series statement The New International Commentary on the New Testament.ies
650 ## - SUBJECT ADDED ENTRY--TOPICAL TERM
Topical term or geographic name as entry element Bible. N.T. Philippians
General subdivision Commentaries.
942 ## - ADDED ENTRY ELEMENTS (KOHA)
Source of classification or shelving scheme
Koha item type Books
Copies
Permanent Location Full call number Date last seen Barcode Collection code Damaged status Date acquired Koha item type Copy number Source of classification or shelving scheme Shelving location Lost status Price effective from Withdrawn status Not for loan
RHEMA Bible Training CollegeBS 2705.3 .M952018-04-0313611Reference 2010-04-14Books1 General Stacks 2010-04-14